BIOCHEMISTRY AND CLINICAL PATHOLOGY (Record no. 5947)

MARC details
000 -LEADER
fixed length control field 00422nam a22001577a 4500
005 - DATE AND TIME OF LATEST TRANSACTION
control field 20240109151021.0
008 - FIXED-LENGTH DATA ELEMENTS--GENERAL INFORMATION
fixed length control field 190604b xxu||||| |||| 00| 0 eng d
020 ## - INTERNATIONAL STANDARD BOOK NUMBER
ISBN 978-81-85790-16-9
041 ## - LANGUAGE CODE
Language code of text/sound track or separate title eng
100 ## - MAIN ENTRY--AUTHOR NAME
Personal name CHAUDHARI, M.R. ,KULKARNI,Y.A. AND GOKHALE ,S.B
245 ## - TITLE STATEMENT
Title BIOCHEMISTRY AND CLINICAL PATHOLOGY
250 ## - EDITION STATEMENT
Edition statement 34TH ED. 2018
260 ## - PUBLICATION, DISTRIBUTION, ETC. (IMPRINT)
Place of publication PUNE
Name of publisher NIRALI PRAKASHAN
300 ## - PHYSICAL DESCRIPTION
Number of Pages A.22p,
942 ## - ADDED ENTRY ELEMENTS (KOHA)
Koha item type Books
Holdings
Lost status Damaged status Collection code Home library Current library Shelving location Date acquired Source of acquisition Cost, normal purchase price Accession Number Koha item type
    Reference JRU Library JRU Library SHELF-5-D 04/06/2019 PURCHESS 70.00 22998 Books
    PHARMACY JRU Library JRU Library Shelf - 22- H 04/06/2019 PURCHESS 70.00 22999 Books
    PHARMACY JRU Library JRU Library Shelf - 22- H 04/06/2019 PURCHESS 70.00 23000 Books